• 首页
  • 本馆介绍
  • 公告通知
  • 最新文献
  • 馆藏检索
  • 电子资源
  • 读者导购
  • 参考咨询
  • 我的图书馆
  • 登录
  • 详细信息显示
  • 放入我的书架
  • 预约/预借图书
  • 作者相关作品
  • 分类相关作品
  • 丛书相关作品
  • 出版社相关作品

书目信息

  • 表格格式
  • 工作单格式
  • 卡片格式
题名:
舰船设计可视化技术
    
 
作者: 应文烨 主编
分册:  
出版信息: 哈尔滨   哈尔滨工程大学出版社  2012.12
页数: 241页, [16] 页图版
开本: 27cm
丛书名: 舰船现代化
单 册:
中图分类: U674.7
科图分类:
主题词: 军用船--jun yong chuan--计算机辅助设计
电子资源:
ISBN: 978-7-5661-0500-4
000 00925nam 2200265 450
001 2375222732
005 20231126205355.29
010    @a978-7-5661-0500-4@b精装@dCNY85.00
100    @a20131121d2012 em y0chiy50 ea
101 0  @achi
102    @aCN@b230000
105    @aaf a 000yy
200 1  @a舰船设计可视化技术@Ajian chuan she ji ke shi hua ji shu@f主编应文烨
210    @a哈尔滨@c哈尔滨工程大学出版社@d2012.12
215    @a241页, [16] 页图版@c图@d27cm
225 2  @a舰船现代化@Ajian chuan xian dai hua
300    @a国家出版基金项目
320    @a有书目 (第239-241页)
330    @a本书介绍了科学计算可视化技术的一些基本概念、实现方法、应用领域, 以及在舰船总体设计过程中舰型生成、结构分析、舰船CFD、
410  0 @12001 @a舰船现代化
606 0  @a军用船@Ajun yong chuan@x计算机辅助设计
690    @aU674.7@v5
701  0 @a应文烨@Aying wen ye@4主编
801  0 @aCN@b人天书店@c20131121
905    @aBZT@dU674.7@e7
    
    舰船设计可视化技术/主编应文烨.-哈尔滨:哈尔滨工程大学出版社,2012.12
    241页, [16] 页图版:图;27cm.-(舰船现代化)
    国家出版基金项目
    
    ISBN 978-7-5661-0500-4(精装):CNY85.00
    本书介绍了科学计算可视化技术的一些基本概念、实现方法、应用领域, 以及在舰船总体设计过程中舰型生成、结构分析、舰船CFD、
●
相关链接 在五车中查询图书 在当当中查询图书 在豆瓣中查询图书


正题名:舰船设计可视化技术     索取号:U674.7/7         预约/预借

序号 登录号 条形码 馆藏地/架位号 状态 备注
1 2001115797   2001115797   共建书房-机电学院/ [索取号:U674.7/7] 在馆    
2 2001115798   2001115798   共建书房-机电学院/ [索取号:U674.7/7] 在馆    
3 2001115799   2001115799   共建书房-机电学院/ [索取号:U674.7/7] 在馆    
4 2001115800   2001115800   515书库/ [索取号:U674.7/7] 在馆    
5 2001115801   2001115801   515书库/ [索取号:U674.7/7] 在馆    
6 2001115802   2001115802   515书库/ [索取号:U674.7/7] 在馆    
7 2001115803   2001115803   515书库/ [索取号:U674.7/7] 在馆    
8 2001115804   2001115804   515书库/ [索取号:U674.7/7] 在馆    
9 2001115805   2001115805   515书库/ [索取号:U674.7/7] 在馆    
10 2001115806   2001115806   515书库/ [索取号:U674.7/7] 在馆    
11 2001115807   2001115807   515书库/ [索取号:U674.7/7] 在馆    
12 2001115808   2001115808   515书库/ [索取号:U674.7/7] 在馆    
13 2001115809   2001115809   515书库/ [索取号:U674.7/7] 在馆    
14 2001115810   2001115810   515书库/ [索取号:U674.7/7] 在馆    
15 2001115811   2001115811   515书库/ [索取号:U674.7/7] 在馆    
16 2001115812   2001115812   515书库/ [索取号:U674.7/7] 在馆    
17 2001115813   2001115813   515书库/ [索取号:U674.7/7] 在馆    
18 2001115814   2001115814   515书库/ [索取号:U674.7/7] 在馆    
19 2001115815   2001115815   515书库/ [索取号:U674.7/7] 在馆    
20 2001115816   2001115816   515书库/ [索取号:U674.7/7] 在馆    
21 2001115817   2001115817   515书库/ [索取号:U674.7/7] 在馆    
22 2001115818   2001115818   515书库/ [索取号:U674.7/7] 在馆    
23 2001115819   2001115819   515书库/ [索取号:U674.7/7] 在馆    
24 2001115820   2001115820   515书库/ [索取号:U674.7/7] 在馆    
25 2001115821   2001115821   515书库/ [索取号:U674.7/7] 在馆    
26 2001115822   2001115822   515书库/ [索取号:U674.7/7] 在馆    
27 2001115823   2001115823   515书库/ [索取号:U674.7/7] 在馆    
28 2001115824   2001115824   515书库/ [索取号:U674.7/7] 在馆    
29 2001115825   2001115825   共建书房-机电学院/ [索取号:U674.7/7] 在馆    
30 2001115826   2001115826   共建书房-机电学院/ [索取号:U674.7/7] 在馆    
山东省滨州职业学院图书馆 欢迎您!
大连网信软件有限公司© 版权所有